| 000 | 01788nam a22002057a 4500 | ||
|---|---|---|---|
| 999 |
_c62198 _d62198 |
||
| 003 | Ge_BSU | ||
| 005 | 20240731155258.0 | ||
| 008 | 240731s2023 ge ||||| |||| 00| 0 geo d | ||
| 022 | _a1512-2379 | ||
| 041 | _ageo | ||
| 080 | _a908(73)(063) ს-17 | ||
| 245 |
_aX საერთაშორისო კონფერენციის რჩეული მოხსენებების კრებული : Selected Papers from the the X international conference on american studies, Dedicated to the memory of professor Temur Kobakhidze _bპროფესორ თემურ კობახიძის ხსოვნისადმი მიძღვნილი / _cმთ. რედ. ირაკლი ცხვედიანი. |
||
| 264 |
_aქუთაისი : _bკაკი წერეთლის სახელმწ. უნ-ტის გამ-ბა, _c2023. |
||
| 300 |
_a668 გვ.: _b20 სმ. |
||
| 653 | _aენა, ლიტერატურა, კულტურა, ხელოვნება, ფილოსოფია, თარგმანი, ქართულ-ამერიკული ურთიერთობები, პოლიტიკა, ისტორია, ეკონომიკა, განათლება და საზოგადოება | ||
| 700 |
_aცხვედიანი, ირაკლი _eმთავარი რედაქტორი _915259 |
||
| 710 |
_aაკაკი წერეთლის სახელმწ. უნ-ტი, აწსუ ამერიკის შესწავლის ცენტრი, ჯონ დოს პასოსის საქ. ასოციაცია _923034 |
||
| 773 | _tნაჩუქარი | ||
| 942 |
_2udc _cBK |
||